000 00565nam a22001817a 4500
005 20251108164136.0
008 250721s1993 xx 000 0 ara d
082 1 4 _a219/جله
100 1 _aجلهوم، إبراهيم
245 1 0 _aمعجزات الرسول (ص) و دلائل صدق نبوته /
264 1 _aالقاهرة :
_bالدار المصريه اللبنانيه،
_c1993.
300 _a190ص.
650 1 7 _aالسيرة النبوية
650 1 7 _aالنبوة
700 1 _aحماد، عبد السلام
942 _2ddc
_cBK
999 _c4681
_d4681